|
|
|
|
| LEADER |
00771nta a2200181 i 4500 |
| 001 |
dipl748 |
| 005 |
20130314070048.0 |
| 008 |
110502s2005 hu om 0|| hun d |
| 040 |
|
|
|a SZTE Diploma Repozitórium
|b hun
|
| 041 |
|
|
|a hun
|
| 100 |
1 |
|
|a Fehér Tamás
|
| 245 |
1 |
0 |
|a Adatbáziskezelés MS Visual C++-ban
|h [elektronikus dokumentum] /
|c Tamás Fehér
|
| 260 |
|
|
|c 2005
|
| 650 |
|
4 |
|a Informatika
|
| 700 |
1 |
|
|a Alexin Zoltán
|e ths
|
| 856 |
4 |
0 |
|u http://diploma.bibl.u-szeged.hu/id/eprint/748/1/2005_feher_tamas_p_05_11.pdf
|z Dokumentum-elérés
|
| 856 |
4 |
0 |
|u http://diploma.bibl.u-szeged.hu/id/eprint/748/2/2005_feher_tamas_p_05_11_biralat.pdf
|z Dokumentum-elérés
|
| 856 |
4 |
0 |
|u http://diploma.bibl.u-szeged.hu/id/eprint/748/3/2005_feher_tamas_p_05_11_melleklet.tgz
|z Dokumentum-elérés
|